| 000 | 00881nam a2200277 i 4500 | ||
|---|---|---|---|
| 001 | 66715 | ||
| 003 | ES-MaACL | ||
| 005 | 20231214135837.0 | ||
| 007 | t| | ||
| 008 | 010516s2000 sp ||||0| spa d | ||
| 020 | _a84-460-0995-1 | ||
| 040 |
_aM-BN _bspa _cM-BN |
||
| 080 | _a167/168(091) | ||
| 100 | 1 |
_aFerraris, Maurizio. _950328 |
|
| 245 | 1 | 0 |
_aHistoria de la hermenéutica / _cMaurizio Ferraris ; traducción, Jorge Pérez de Tudela. |
| 260 |
_aTres Cantos (Madrid) : _bAkal, _c[2000] |
||
| 300 |
_a448 p. ; _c22 cm. |
||
| 490 | 1 |
_aTeoría literaria ; _v1 |
|
| 504 | _aBibliografía: p. [401]-436. Indice. | ||
| 650 | 4 |
_aHermenéutica- _vHistoria. _913330 |
|
| 700 | 1 |
_aPérez de Tudela Velasco, Jorge, _d1955- _990809 |
|
| 830 | 0 |
_aTeoría literaria ; _v1 _9230830 |
|
| 852 |
_aES-MaACL _jL-27204 _bR.132837 |
||
| 999 |
_c66715 _d66715 |
||